[Event "interzonal (w)"]
[Site "Roosendaal NED"]
[Date "1976.12.04"]
[Round "6"]
[White "Lemachko, Tatiana"]
[Black "Belavenets, Ludmila"]
[Result "1/2-1/2"]
[WhiteElo "2330"]
[BlackElo "2165"]
[EventDate "1976.11.27"]
[PlyCount "81"]

1.e4 c5 2.Nf3 e6 3.d4 cxd4 4.Nxd4 Nc6 5.Nc3 d6 6.Be3 Nf6 7.Be2 Be7 8.O-O 
O-O 9.f4 a6 10.Kh1 Qc7 11.Qe1 Nxd4 12.Bxd4 b5 13.Bd3 Bb7 14.Qg3 e5 15.fxe5
Nh5 16.Qh3 dxe5 17.Bxe5 Qxe5 18.Rf5 Ng3+ 19.hxg3 Qd4 20.g4 g6 21.e5 Bc8 
22.Raf1 Bxf5 23.Rxf5 Kg7 24.g5 h5 25.gxh6+ Kh7 26.Ne4 Rad8 27.Qf3 Kxh6 28.
e6 fxe6 29.Rf7 Rxf7 30.Qxf7 Rd5 31.g4 Re5 32.Qf4+ Kg7 33.c3 Qd5 34.Kg2 Bg5
35.Qf3 Rxe4 36.Qxe4 Qxe4+ 37.Bxe4 Bc1 38.b3 Bb2 39.c4 bxc4 40.bxc4 Bd4 41.
Kf3 1/2-1/2

[Event "interzonal (w)"]
[Site "Roosendaal NED"]
[Date "1976.12.04"]
[Round "6"]
[White "Orton, Ruth"]
[Black "Kushnir, Alla"]
[Result "0-1"]
[WhiteElo "2090"]
[BlackElo "2365"]
[EventDate "1976.11.27"]
[PlyCount "78"]

1.e4 c5 2.c3 e6 3.d4 d5 4.e5 Qb6 5.a3 Nc6 6.Nf3 c4 7.g3 Bd7 8.Bh3 Na5 9.
Nbd2 h6 10.O-O O-O-O 11.Ne1 g6 12.Ng2 Ne7 13.Qe2 Kb8 14.Rb1 Ba4 15.Nf3 
Nec6 16.Ne3 Nb3 17.Ng4 Nxc1 18.Rbxc1 h5 19.Nf6 Bh6 20.Rb1 Ka8 21.Ne1 Bg7 
22.Nf3 Qc7 23.Rfe1 Qe7 24.Ng5 Bxf6 25.exf6 Qxf6 26.f4 h4 27.Bg4 hxg3 28.
hxg3 Rde8 29.Nf3 Qg7 30.Ne5 g5 31.fxg5 Nxe5 32.Qxe5 Qh7 33.Kf2 Qc2+ 34.Be2
Rh2+ 35.Kf3 Reh8 36.Rec1 Qh7 37.Ke3 Rxe2+ 38.Kxe2 Qd3+ 39.Kf2 Rh2+ 0-1

[Event "interzonal (w)"]
[Site "Roosendaal NED"]
[Date "1976.12.04"]
[Round "6"]
[White "Veroci, Zsuzsa"]
[Black "Vreeken, Corry"]
[Result "1-0"]
[WhiteElo "2275"]
[BlackElo "2155"]
[EventDate "1976.11.27"]
[PlyCount "83"]

1.e4 e5 2.Nf3 Nc6 3.Bb5 Nf6 4.O-O Nxe4 5.d4 Nd6 6.Bxc6 dxc6 7.dxe5 Nf5 8.
Qxd8+ Kxd8 9.Nc3 h6 10.b3 Be6 11.Bb2 g5 12.h3 c5 13.Ne4 b6 14.c4 Kc8 15.
Rad1 Be7 16.Nf6 Rd8 17.g4 Ng7 18.Rxd8+ Bxd8 19.Kg2 Bxf6 20.exf6 Ne8 21.Kg3
Nd6 22.Re1 Kb7 23.h4 gxh4+ 24.Kxh4 Rg8 25.Nh2 h5 26.f3 hxg4 27.fxg4 Kc6 
28.Kg3 Nf5+ 29.Kf4 Nh4 30.Rxe6+ fxe6 31.Ke5 Rh8 32.f7 Ng6+ 33.Kf6 Nf8 34.
Kg7 Rxh2 35.Kxf8 Rxb2 36.Ke7 Rf2 37.f8=Q Rxf8 38.Kxf8 e5 39.g5 e4 40.g6 e3
41.g7 e2 42.g8=Q 1-0

[Event "interzonal (w)"]
[Site "Roosendaal NED"]
[Date "1976.12.06"]
[Round "7"]
[White "Belavenets, Ludmila"]
[Black "Lazarevic, Milunka"]
[Result "1/2-1/2"]
[WhiteElo "2165"]
[BlackElo "2200"]
[EventDate "1976.11.27"]
[PlyCount "69"]

1.d4 f5 2.g3 Nf6 3.Bg2 g6 4.c4 Bg7 5.Nh3 O-O 6.O-O e6 7.Nc3 d6 8.Qc2 e5 9.
dxe5 dxe5 10.Rd1 Qe8 11.Nd5 Na6 12.Nxf6+ Bxf6 13.Bh6 Bg7 14.Bxg7 Kxg7 15.
Qc3 Rf6 16.Rd5 e4 17.Rad1 Be6 18.Nf4 Qf7 19.Nxe6+ Qxe6 20.f3 exf3 21.exf3 
Re8 22.Rd7+ Re7 23.Rxe7+ Qxe7 24.f4 c6 25.a3 Kf7 26.Re1 Re6 27.Rxe6 Qxe6 
28.b4 Nc7 29.h4 Ne8 30.Bf3 Nf6 31.c5 h5 32.Kf2 Qa2+ 33.Kf1 Nd5 34.Bxd5+ 
Qxd5 35.Kf2 1/2-1/2

[Event "interzonal (w)"]
[Site "Roosendaal NED"]
[Date "1976.12.06"]
[Round "7"]
[White "De Caro, Ilse"]
[Black "Veroci, Zsuzsa"]
[Result "0-1"]
[WhiteElo "1920"]
[BlackElo "2275"]
[EventDate "1976.11.27"]
[PlyCount "80"]

1.e4 c5 2.c3 Nf6 3.e5 Nd5 4.d4 cxd4 5.cxd4 d6 6.Nf3 Nc6 7.Nc3 dxe5 8.dxe5 
Nxc3 9.Qxd8+ Kxd8 10.bxc3 Bg4 11.Be2 e6 12.Bg5+ Kc7 13.Bf4 Ba3 14.O-O Rad8
15.Rfd1 Bb2 16.Rab1 Rxd1+ 17.Rxd1 Bxc3 18.Rc1 Bb4 19.h3 Bxf3 20.Bxf3 Rd8 
21.Rc2 g6 22.Be3 a5 23.Be4 Rd1+ 24.Kh2 Kd7 25.Bc5 Rd2 26.Rxd2+ Bxd2 27.g3 
Nxe5 28.Bxb7 Kc7 29.Be4 f5 30.Bg2 Nd3 31.Bd4 e5 32.Bf1 e4 33.Be2 Kc6 34.
Bd1 Kd5 35.Bb6 Nc1 36.Ba4 g5 37.Kg2 f4 38.gxf4 gxf4 39.Be8 e3 40.fxe3 fxe3
0-1

[Event "interzonal (w)"]
[Site "Roosendaal NED"]
[Date "1976.12.06"]
[Round "7"]
[White "Fomina, Tatiana"]
[Black "Hartston, Jana"]
[Result "0-1"]
[WhiteElo "2125"]
[BlackElo "2230"]
[EventDate "1976.11.27"]
[PlyCount "86"]

1.e4 c6 2.c4 d5 3.exd5 cxd5 4.cxd5 Nf6 5.Nc3 Nxd5 6.Nf3 g6 7.Qb3 Nf6 8.Bc4
e6 9.O-O Nc6 10.d4 Bg7 11.d5 exd5 12.Re1+ Ne7 13.Nxd5 Nxd5 14.Bxd5 O-O 15.
Bc4 Nf5 16.Bf4 Nd4 17.Nxd4 Qxd4 18.Bg5 Qxb2 19.Bxf7+ Kh8 20.Qd5 Bf5 21.
Rac1 Rac8 22.Rxc8 Rxc8 23.h3 h6 24.Bc1 Qb4 25.Bd2 Qb6 26.g4 Rd8 27.Qa5 Bc2
28.Rc1 Be4 29.Qxb6 axb6 30.Be3 b5 31.Bb6 Rf8 32.Be6 Bc6 33.Rb1 Be5 34.Re1 
Bc3 35.Re3 b4 36.Bc5 Rd8 37.a3 Bd2 38.Re2 bxa3 39.Bxa3 Bc3 40.f4 Kg7 41.
Bc4 Rd1+ 42.Kf2 Bd4+ 43.Kg3 b5 0-1

[Event "interzonal (w)"]
[Site "Roosendaal NED"]
[Date "1976.12.06"]
[Round "7"]
[White "Van der Mije, Alexandra"]
[Black "Orton, Ruth"]
[Result "1/2-1/2"]
[WhiteElo "2295"]
[BlackElo "2090"]
[EventDate "1976.11.27"]
[PlyCount "117"]

1.e4 c5 2.Nf3 d6 3.Bb5+ Nc6 4.O-O Bd7 5.Re1 g6 6.c3 Bg7 7.h3 Nf6 8.d4 O-O 
9.a4 a6 10.Bf1 Rc8 11.d5 Na5 12.c4 Ne8 13.Qc2 e5 14.dxe6 fxe6 15.Ra3 Nc6 
16.Qd1 Qf6 17.Bg5 Qf7 18.Qd2 e5 19.Rc1 Be6 20.Rcc3 Qd7 21.Ne1 Nf6 22.Bxf6 
Rxf6 23.Nf3 Nd4 24.Qe1 Rf7 25.Nbd2 Rcf8 26.Nxd4 exd4 27.Rf3 Qd8 28.g3 Qa5 
29.Qd1 Qd8 30.Kh2 h5 31.Qc2 Be5 32.Rxf7 Rxf7 33.f4 Bg7 34.Nf3 Bh6 35.h4 
Bg4 36.Bg2 Qe8 37.a5 Re7 38.Ne1 Qf7 39.Nd3 Bg7 40.b3 Kh7 41.Ra1 Qe8 42.Rf1
Bd7 43.Re1 Bc6 44.Nf2 Qd8 45.Qd2 Bh6 46.Bf1 b6 47.Bd3 bxa5 48.Ra1 a4 49.
bxa4 Rb7 50.Bc2 Be8 51.Re1 Qb8 52.Qd3 Bg7 53.Nh3 Rb2 54.Ng5+ Kh6 55.Re2 
Qb4 56.e5 dxe5 57.fxe5 Qc3 58.Ne4 Qxd3 59.Bxd3 1/2-1/2

[Event "interzonal (w)"]
[Site "Roosendaal NED"]
[Date "1976.12.06"]
[Round "7"]
[White "Vreeken, Corry"]
[Black "Lemachko, Tatiana"]
[Result "0-1"]
[WhiteElo "2155"]
[BlackElo "2330"]
[EventDate "1976.11.27"]
[PlyCount "76"]

1.e4 c5 2.Nf3 d6 3.d4 cxd4 4.Nxd4 Nf6 5.Nc3 a6 6.g3 e5 7.Nb3 h6 8.Bg2 Be6 
9.Nd5 Bxd5 10.exd5 Qc7 11.a4 Nbd7 12.O-O Be7 13.Re1 O-O 14.Nd2 Rac8 15.c3 
Nc5 16.Qe2 Ncd7 17.Nf1 Kh7 18.Be3 g6 19.Rad1 Ng8 20.f4 f5 21.fxe5 Nxe5 22.
Bd4 Bf6 23.Ne3 Rfe8 24.Qf2 Qd7 25.Bh3 Ne7 26.g4 f4 27.Qxf4 Bg5 28.Qg3 Ng8 
29.Ng2 Qxa4 30.Bxe5 Rxe5 31.Rd4 Rxe1+ 32.Nxe1 Qe8 33.Kf1 Qe7 34.Bg2 Bh4 
35.Re4 Rf8+ 36.Ke2 Qxe4+ 37.Bxe4 Bxg3 38.hxg3 Re8 0-1

[Event "interzonal (w)"]
[Site "Roosendaal NED"]
[Date "1976.12.07"]
[Round "8"]
[White "Hartston, Jana"]
[Black "Akhmylovskaya, Elena"]
[Result "0-1"]
[WhiteElo "2230"]
[BlackElo "2230"]
[EventDate "1976.11.27"]
[PlyCount "74"]

1.d4 d5 2.c4 c6 3.Nf3 Nf6 4.Nc3 e6 5.e3 Nbd7 6.Bd3 dxc4 7.Bxc4 b5 8.Bd3 
Bb7 9.O-O b4 10.Na4 c5 11.Nxc5 Nxc5 12.dxc5 Bxc5 13.Bb5+ Ke7 14.Qe2 Qb6 
15.Rd1 Rhd8 16.Bd2 Ne4 17.Be1 a6 18.Bd3 Bd6 19.Rac1 Rac8 20.Rxc8 Rxc8 21.
Nd2 Nxd2 22.Qxd2 h6 23.Be2 Qc5 24.f3 Rd8 25.Qc1 a5 26.Qxc5 Bxc5 27.Kf2 Bd5
28.Rc1 Bd6 29.b3 f5 30.g3 a4 31.Bd1 Ra8 32.bxa4 Bxa2 33.Rc6 Rb8 34.a5 b3 
35.Bxb3 Bxb3 36.a6 Bd5 37.Rc2 Ra8 0-1

[Event "interzonal (w)"]
[Site "Roosendaal NED"]
[Date "1976.12.07"]
[Round "8"]
[White "De Caro, Ilse"]
[Black "Kushnir, Alla"]
[Result "0-1"]
[WhiteElo "1920"]
[BlackElo "2365"]
[EventDate "1976.11.27"]
[PlyCount "54"]

1.e4 c5 2.c3 e6 3.d4 d5 4.exd5 exd5 5.Nf3 Nc6 6.Be3 c4 7.Nbd2 Bf5 8.Be2 
Bd6 9.O-O Nge7 10.b3 b5 11.a4 b4 12.bxc4 bxc3 13.cxd5 c2 14.Qc1 Nxd5 15.
Bb5 Rc8 16.Nc4 O-O 17.Nxd6 Qxd6 18.Bd2 Ncb4 19.Qa3 a6 20.Bxa6 Qxa6 21.Bxb4
Nxb4 22.Qxb4 Rb8 23.Qa3 Rb1 24.Rc1 Rfb8 25.Ne1 Rxa1 26.Qxa1 Rb1 27.Qa3 Qe2
0-1

[Event "interzonal (w)"]
[Site "Roosendaal NED"]
[Date "1976.12.07"]
[Round "8"]
[White "Lazarevic, Milunka"]
[Black "Vreeken, Corry"]
[Result "0-1"]
[WhiteElo "2200"]
[BlackElo "2155"]
[EventDate "1976.11.27"]
[PlyCount "81"]

1.e4 e5 2.Nc3 Nf6 3.g3 Bb4 4.Bg2 d6 5.Nge2 O-O 6.O-O Bg4 7.f3 Bd7 8.d4 
exd4 9.Nxd4 Nc6 10.Nde2 h6 11.Be3 Re8 12.a3 Ba5 13.b4 Bb6 14.Bxb6 axb6 15.
f4 Qc8 16.b5 Na5 17.f5 Nc4 18.Qd4 Nxa3 19.Qd3 Re5 20.Nd4 Rc5 21.Nd5 Nxd5 
22.exd5 Nxb5 23.Rxa8 Qxa8 24.Nb3 Rc3 25.Qd2 f6 26.Be4 Rc4 27.Bd3 Ra4 28.c4
Ra2 29.Qc1 Na3 30.Re1 b5 31.c5 Qa4 32.c6 Qa7+ 33.Qe3 Qxe3+ 34.Rxe3 bxc6 
35.dxc6 Bxc6 36.Nd4 Bd5 37.Be4 Bxe4 38.Rxe4 c5 39.Nc6 Nc4 40.Re8+ Kf7 41.
Rb8 0-1

[Event "interzonal (w)"]
[Site "Roosendaal NED"]
[Date "1976.12.07"]
[Round "8"]
[White "Orton, Ruth"]
[Black "Fomina, Tatiana"]
[Result "1/2-1/2"]
[WhiteElo "2090"]
[BlackElo "2125"]
[EventDate "1976.11.27"]
[PlyCount "113"]

1.e4 e6 2.d4 d5 3.e5 c5 4.c3 Qb6 5.Nf3 Bd7 6.Be2 Bb5 7.c4 Bxc4 8.Bxc4 Qb4+
9.Nbd2 dxc4 10.a3 Qb5 11.Qe2 cxd4 12.Nxd4 Qd5 13.N4f3 b5 14.a4 Bb4 15.O-O 
Bxd2 16.Bxd2 Nd7 17.Rfd1 Qb7 18.Nd4 bxa4 19.Qxc4 Ne7 20.Bg5 Nd5 21.Nf5 O-O
22.Qd4 exf5 23.Qxd5 Qxd5 24.Rxd5 Nb6 25.Ra5 Rfc8 26.g3 Rc2 27.Be3 Rxb2 28.
Bxb6 Rxb6 29.R1xa4 a6 30.Kg2 Kf8 31.Ra2 Ke7 32.f4 Rc6 33.Kh3 Ra7 34.Kg2 
Kd8 35.R5a4 Kc8 36.Ra5 Ra8 37.R5a4 Kb7 38.Ra5 Rac8 39.Kh3 Rb6 40.Rd5 Rc7 
41.Rd8 Rh6+ 42.Kg2 Rhc6 43.Rb2+ Ka7 44.Kh3 f6 45.exf6 Rxf6 46.Rh8 h6 47.
Rg8 Rb6 48.Ra2 Kb7 49.Kh4 Rd7 50.Kh5 Ka7 51.Rf8 Kb7 52.Rg8 Re7 53.Rf8 Ka7 
54.Rg8 Reb7 55.Rc2 Rd7 56.Ra2 Re7 57.Rf8 1/2-1/2

[Event "interzonal (w)"]
[Site "Roosendaal NED"]
[Date "1976.12.07"]
[Round "8"]
[White "Veroci, Zsuzsa"]
[Black "Lemachko, Tatiana"]
[Result "1-0"]
[WhiteElo "2275"]
[BlackElo "2330"]
[EventDate "1976.11.27"]
[PlyCount "49"]

1.e4 c5 2.Nf3 d6 3.d4 cxd4 4.Nxd4 Nf6 5.Nc3 a6 6.f4 e5 7.Nf3 Nbd7 8.a4 b6 
9.Bc4 Be7 10.O-O O-O 11.Qe2 Bb7 12.fxe5 dxe5 13.Bg5 h6 14.Bxf6 Nxf6 15.
Rad1 Qc7 16.Kh1 Rfc8 17.Bb3 Bb4 18.Nh4 Bxc3 19.Rxf6 gxf6 20.Nf5 Bd4 21.
Qg4+ Kf8 22.Qg7+ Ke8 23.Qg8+ Kd7 24.Qxf7+ Kd8 25.Qf8+ 1-0

[Event "interzonal (w)"]
[Site "Roosendaal NED"]
[Date "1976.12.09"]
[Round "9"]
[White "Belavenets, Ludmila"]
[Black "Hartston, Jana"]
[Result "1/2-1/2"]
[WhiteElo "2165"]
[BlackElo "2230"]
[EventDate "1976.11.27"]
[PlyCount "107"]

1.e4 c5 2.Nf3 e6 3.d4 cxd4 4.Nxd4 a6 5.c4 Nf6 6.Nc3 d6 7.Be2 Be7 8.O-O Qc7
9.Be3 Nbd7 10.Rc1 O-O 11.Qd2 b6 12.Rfd1 Bb7 13.f3 Rad8 14.Qe1 Qb8 15.Qf2 
Rfe8 16.Kh1 Bf8 17.Nc2 Ba8 18.Bf1 d5 19.cxd5 exd5 20.Nxd5 Bxd5 21.exd5 Ne5
22.Bg5 Rxd5 23.Bxf6 Rxd1 24.Rxd1 gxf6 25.Ne3 Bc5 26.Qg3+ Ng6 27.Qxb8 Rxb8 
28.Ng4 Kg7 29.h3 h5 30.Nh2 a5 31.g3 Rc8 32.Kg2 Bb4 33.Bd3 Ne5 34.Bf5 Nc4 
35.Bxc8 Ne3+ 36.Kh1 Nxd1 37.b3 Nc3 38.a4 Ne2 39.Ba6 Nxg3+ 40.Kg2 Nf5 41.
Bd3 Nd4 42.Bc4 Bd6 43.Nf1 Bf4 44.Ng3 Bxg3 45.Kxg3 Ne6 46.h4 f5 47.f4 Kf6 
48.Be2 Ng7 49.Bc4 Ke7 50.Bd5 Ne6 51.Bf3 Ng7 52.Bd5 Ne8 53.Bc4 Nf6 54.Kf3 
1/2-1/2

[Event "interzonal (w)"]
[Site "Roosendaal NED"]
[Date "1976.12.09"]
[Round "9"]
[White "Akhmylovskaya, Elena"]
[Black "Orton, Ruth"]
[Result "1/2-1/2"]
[WhiteElo "2230"]
[BlackElo "2090"]
[EventDate "1976.11.27"]
[PlyCount "90"]

1.f4 c5 2.b3 d5 3.Bb2 Nc6 4.Nf3 Nf6 5.e3 e6 6.Be2 Be7 7.O-O O-O 8.Na3 Re8 
9.Ne5 Bf8 10.Qe1 g6 11.c4 Nd7 12.Nxc6 bxc6 13.Qg3 Bg7 14.Bxg7 Kxg7 15.Nc2 
Nf6 16.d3 Qd6 17.Rad1 e5 18.f5 a5 19.Rf2 Rf8 20.Rdf1 Bd7 21.h4 Kh8 22.fxg6
fxg6 23.Qg5 Kg7 24.h5 Ng8 25.Rxf8 Rxf8 26.Rxf8 Kxf8 27.Qd8+ Kg7 28.hxg6 
hxg6 29.Qxa5 Nf6 30.Qe1 Bf5 31.Qd1 Qd8 32.cxd5 cxd5 33.Qd2 Qb6 34.Ne1 Qd6 
35.Bf3 e4 36.dxe4 Bxe4 37.Qb2 Bf5 38.a4 Qg3 39.Qf2 Qb8 40.Qb2 Qb4 41.Qc1 
c4 42.bxc4 dxc4 43.Be2 Qxa4 44.Qxc4 Qxc4 45.Bxc4 Ng4 1/2-1/2

[Event "interzonal (w)"]
[Site "Roosendaal NED"]
[Date "1976.12.09"]
[Round "9"]
[White "Kushnir, Alla"]
[Black "Veroci, Zsuzsa"]
[Result "1-0"]
[WhiteElo "2365"]
[BlackElo "2275"]
[EventDate "1976.11.27"]
[PlyCount "67"]

1.c4 Nf6 2.Nc3 d5 3.cxd5 Nxd5 4.g3 e5 5.Bg2 Ne7 6.b4 a6 7.a4 g6 8.Nf3 Bg7 
9.O-O O-O 10.Bb2 Nbc6 11.b5 axb5 12.axb5 Rxa1 13.Qxa1 Nd4 14.Nxd4 exd4 15.
Ne4 Nf5 16.Rc1 Bd7 17.Qa5 b6 18.Qb4 Re8 19.g4 Nh4 20.Bxd4 Nxg2 21.Bxg7 
Kxg7 22.Kxg2 Bxg4 23.Qc3+ Kh6 24.Nf6 Bxe2 25.Nxe8 Qxe8 26.Qe3+ Qxe3 27.
fxe3 Bxb5 28.Rxc7 f5 29.d4 Bd3 30.Kg3 Be4 31.Kf4 b5 32.Ke5 b4 33.d5 b3 34.
Rb7 1-0

[Event "interzonal (w)"]
[Site "Roosendaal NED"]
[Date "1976.12.09"]
[Round "9"]
[White "Lemachko, Tatiana"]
[Black "Lazarevic, Milunka"]
[Result "1-0"]
[WhiteElo "2330"]
[BlackElo "2200"]
[EventDate "1976.11.27"]
[PlyCount "53"]

1.e4 c5 2.Nf3 d6 3.d4 cxd4 4.Nxd4 Nf6 5.Nc3 Nc6 6.Bc4 e6 7.Be3 a6 8.Bb3 
Qc7 9.f3 b5 10.Nxc6 Qxc6 11.a4 Bd7 12.axb5 axb5 13.Rxa8+ Qxa8 14.O-O Be7 
15.Qd3 Qa5 16.Rd1 O-O 17.Bf4 b4 18.Ne2 Bb5 19.Qd2 e5 20.Be3 Nd7 21.Ng3 Nc5
22.Nf5 Bd8 23.Bxf7+ Rxf7 24.Bxc5 dxc5 25.Qxd8+ Qxd8 26.Rxd8+ Rf8 27.Rd5 
1-0

[Event "interzonal (w)"]
[Site "Roosendaal NED"]
[Date "1976.12.09"]
[Round "9"]
[White "Van der Mije, Alexandra"]
[Black "De Caro, Ilse"]
[Result "1-0"]
[WhiteElo "2295"]
[BlackElo "1920"]
[EventDate "1976.11.27"]
[PlyCount "57"]

1.e4 e5 2.Nf3 Nf6 3.d4 Nxe4 4.Bd3 d5 5.dxe5 Be7 6.O-O O-O 7.c4 Bg4 8.Bc2 
c6 9.Be3 f5 10.cxd5 cxd5 11.Bb3 Nd7 12.Qxd5+ Kh8 13.e6 Ndc5 14.Qxd8 Raxd8 
15.Ne5 Bh5 16.Nc3 Nxb3 17.axb3 Nd2 18.Rfe1 Nxb3 19.Rxa7 Rf6 20.Bg5 Rxe6 
21.Bxe7 Rxe7 22.Ng6+ hxg6 23.Rxe7 Nd4 24.Raxb7 Ne2+ 25.Kf1 Nf4 26.Rxg7 
Be2+ 27.Kg1 Ne6 28.Rge7 Ra8 29.h4 1-0

[Event "interzonal (w)"]
[Site "Roosendaal NED"]
[Date "1976.12.10"]
[Round "10"]
[White "Hartston, Jana"]
[Black "Vreeken, Corry"]
[Result "1/2-1/2"]
[WhiteElo "2230"]
[BlackElo "2155"]
[EventDate "1976.11.27"]
[PlyCount "80"]

1.e4 e5 2.Nf3 Nc6 3.Bb5 Nf6 4.O-O Nxe4 5.Re1 Nd6 6.Nxe5 Be7 7.Bd3 O-O 8.
Nc3 Nxe5 9.Rxe5 Bf6 10.Re1 g6 11.b3 b6 12.Ba3 c5 13.Qg4 Bb7 14.Re2 Re8 15.
Rae1 Re6 16.Bb2 Bg7 17.Nd1 Bxb2 18.Nxb2 Qf6 19.c3 Rae8 20.Re3 b5 21.Nd1 h5
22.Qg3 Nf5 23.Bxf5 Qxf5 24.Rxe6 Rxe6 25.Rxe6 Qxe6 26.Qb8+ Kg7 27.Ne3 Bc6 
28.Qxa7 Qe4 29.Qxc5 Qb1+ 30.Nf1 Be4 31.Qd4+ Kh7 32.f3 Bd3 33.Qf2 Qxa2 34.
b4 Qb1 35.g3 Qd1 36.f4 d5 37.Kg2 Be4+ 38.Kg1 Bd3 39.Kg2 Be4+ 40.Kg1 Bd3 
1/2-1/2

[Event "interzonal (w)"]
[Site "Roosendaal NED"]
[Date "1976.12.10"]
[Round "10"]
[White "De Caro, Ilse"]
[Black "Fomina, Tatiana"]
[Result "0-1"]
[WhiteElo "1920"]
[BlackElo "2125"]
[EventDate "1976.11.27"]
[PlyCount "58"]

1.e4 e6 2.d4 d5 3.exd5 exd5 4.Nf3 Bd6 5.Bd3 Ne7 6.O-O Bg4 7.c3 Nbc6 8.Re1 
Qd7 9.Nbd2 O-O 10.Qc2 h6 11.Nf1 Ng6 12.Ng3 Bxf3 13.gxf3 Nh4 14.Kh1 Nxf3 
15.Re3 Nh4 16.Nf5 Nxf5 17.Bxf5 Qd8 18.Rh3 Re8 19.Bxh6 gxh6 20.Rg1+ Kf8 21.
Rxh6 Bf4 22.Rh8+ Ke7 23.Re1+ Ne5 24.Rxe8+ Qxe8 25.dxe5 Qh8 26.Bh7 Qg7 27.
Rg1 Qh6 28.Rg2 Rh8 29.Bf5 Bxh2 0-1

[Event "interzonal (w)"]
[Site "Roosendaal NED"]
[Date "1976.12.10"]
[Round "10"]
[White "Kushnir, Alla"]
[Black "Van der Mije, Alexandra"]
[Result "1/2-1/2"]
[WhiteElo "2365"]
[BlackElo "2295"]
[EventDate "1976.11.27"]
[PlyCount "104"]

1.c4 e6 2.Nf3 d5 3.g3 Nf6 4.Bg2 Be7 5.O-O O-O 6.d4 dxc4 7.Qc2 Nc6 8.Qxc4 
Qd5 9.Nbd2 Qxc4 10.Nxc4 Rd8 11.e3 Bd7 12.b3 Rab8 13.Bb2 Be8 14.Rfd1 Nb4 
15.a3 Nbd5 16.b4 Ne4 17.Rac1 Ba4 18.Re1 Nd6 19.e4 Nb6 20.Nxb6 cxb6 21.d5 
Nb5 22.dxe6 fxe6 23.Bh3 Kf8 24.Bxe6 a5 25.Be5 Bd6 26.Bxd6+ Rxd6 27.Bd5 
Nxa3 28.bxa5 Nc2 29.Re2 Nb4 30.axb6 Nxd5 31.exd5 Rxd5 32.Ne5 Rd6 33.Rb2 
Re8 34.f4 Ree6 35.Rc8+ Be8 36.Rb8 Re7 37.Kf2 g5 38.Ke3 Kg7 39.Rc8 gxf4+ 
40.gxf4 Kf6 41.Rc7 Bg6 42.Rxe7 Kxe7 43.Rb4 Bf5 44.Nf3 Rh6 45.Kd4 Bd7 46.
Rb2 Rd6+ 47.Ke3 Rh6 48.Ne5 Bf5 49.Kd4 Rd6+ 50.Ke3 Rh6 51.Kd4 Rd6+ 52.Ke3 
Rh6 1/2-1/2

[Event "interzonal (w)"]
[Site "Roosendaal NED"]
[Date "1976.12.10"]
[Round "10"]
[White "Orton, Ruth"]
[Black "Belavenets, Ludmila"]
[Result "0-1"]
[WhiteElo "2090"]
[BlackElo "2165"]
[EventDate "1976.11.27"]
[PlyCount "60"]

1.e4 c5 2.c3 d5 3.exd5 Qxd5 4.d4 e6 5.Nf3 Nf6 6.Na3 cxd4 7.Nb5 Qd8 8.Bf4 
Nd5 9.Bxb8 Rxb8 10.Nxa7 dxc3 11.Nxc8 Rxc8 12.Qa4+ Ke7 13.bxc3 Rxc3 14.Rb1 
Qc7 15.Rd1 f6 16.Be2 Kf7 17.O-O Bd6 18.Rfe1 Ra3 19.Qg4 Nf4 20.Qh4 g5 21.
Qh6 Rxf3 22.Bxf3 Bf8 23.Rc1 Qa5 24.Qxf8+ Rxf8 25.Red1 Rd8 26.Rxd8 Qxd8 27.
g3 Nd5 28.Rb1 Qd7 29.a4 b6 30.Rb5 Qa7 0-1

[Event "interzonal (w)"]
[Site "Roosendaal NED"]
[Date "1976.12.10"]
[Round "10"]
[White "Veroci, Zsuzsa"]
[Black "Lazarevic, Milunka"]
[Result "1/2-1/2"]
[WhiteElo "2275"]
[BlackElo "2200"]
[EventDate "1976.11.27"]
[PlyCount "85"]

1.e4 c5 2.Nf3 d6 3.d4 cxd4 4.Nxd4 Nf6 5.Nc3 a6 6.f4 Qc7 7.Bd3 g6 8.O-O Bg7
9.Nf3 Nbd7 10.Qe1 Nc5 11.e5 dxe5 12.fxe5 Ng4 13.Bf4 Ne6 14.Bg3 Bd7 15.h3 
Nh6 16.Kh1 Bc6 17.Ne4 Nf5 18.Bh2 O-O-O 19.Nfg5 Nxg5 20.Nxg5 e6 21.Be4 Bxe4
22.Qxe4 Rd4 23.Qe2 Rhd8 24.Nf3 Rc4 25.c3 Bh6 26.Rad1 Rxd1 27.Rxd1 Ne3 28.
Rd3 Nd5 29.g3 Ne7 30.Bg1 b5 31.Kg2 Nd5 32.a3 Qb7 33.Bd4 Ne7 34.Kh2 Nf5 35.
Bf2 Qe4 36.Qd1 Rc7 37.Bb6 Re7 38.Bc5 Re8 39.Bb6 Qc6 40.Bf2 Qc7 41.a4 Rd8 
42.axb5 axb5 43.Kg2 1/2-1/2

[Event "interzonal (w)"]
[Site "Roosendaal NED"]
[Date "1976.12.11"]
[Round "11"]
[White "Akhmylovskaya, Elena"]
[Black "De Caro, Ilse"]
[Result "1-0"]
[WhiteElo "2230"]
[BlackElo "1920"]
[EventDate "1976.11.27"]
[PlyCount "103"]

1.e4 e5 2.Nf3 Nf6 3.Nxe5 d6 4.Nf3 Nxe4 5.d4 d5 6.Bd3 Be7 7.O-O O-O 8.Re1 
f5 9.c4 c6 10.Nc3 Kh8 11.cxd5 cxd5 12.Qb3 Nxc3 13.bxc3 Nc6 14.Bf4 b6 15.
Re2 Bb7 16.Rae1 Qd7 17.Bb5 Bf6 18.Be5 Rac8 19.Bxf6 Rxf6 20.Ne5 Qd6 21.Qa4 
h6 22.Bxc6 Bxc6 23.Qxa7 Qc7 24.Qxc7 Rxc7 25.Rb2 Be8 26.Rc1 b5 27.f4 Ra6 
28.Rcc2 Kg8 29.Kf2 Kf8 30.Ke3 Ke7 31.Nd3 Re6+ 32.Kd2 Kd6 33.Nc5 Ree7 34.
Kd3 Bc6 35.Re2 Rxe2 36.Rxe2 Re7 37.Rxe7 Kxe7 38.Kc2 Kd6 39.Kb3 g5 40.g3 
gxf4 41.gxf4 Kc7 42.Kb4 Kb6 43.a4 bxa4 44.Nxa4+ Kc7 45.c4 dxc4 46.Nc3 Kd6 
47.Kxc4 h5 48.d5 Be8 49.h4 Bd7 50.Nd1 Be8 51.Ne3 Bd7 52.Kd4 1-0

[Event "interzonal (w)"]
[Site "Roosendaal NED"]
[Date "1976.12.11"]
[Round "11"]
[White "Fomina, Tatiana"]
[Black "Kushnir, Alla"]
[Result "0-1"]
[WhiteElo "2125"]
[BlackElo "2365"]
[EventDate "1976.11.27"]
[PlyCount "80"]

1.e4 c6 2.c4 d5 3.exd5 cxd5 4.cxd5 Nf6 5.Nc3 Nxd5 6.Nf3 e6 7.d4 Be7 8.Bd3 
Nc6 9.O-O O-O 10.Re1 Nf6 11.Bg5 b6 12.Rc1 Bb7 13.Qd2 Nb4 14.Bb1 Bxf3 15.
gxf3 Nbd5 16.Qd3 g6 17.Bh6 Re8 18.Ne4 Rc8 19.Rcd1 Nh5 20.a3 Bf8 21.Bg5 
Nhf4 22.Qf1 Be7 23.Bh6 Qd7 24.Kh1 f5 25.Ng5 Bf6 26.Nh3 Nxh3 27.Qxh3 Rc4 
28.Be3 f4 29.Ba2 Rc2 30.Bxd5 Qxd5 31.Bxf4 Rxf2 32.Re3 Rxb2 33.Rde1 Bxd4 
34.Rxe6 Rxe6 35.Qxe6+ Qxe6 36.Rxe6 a5 37.Bd6 Rb3 38.Kg2 Re3 39.Re4 Rxe4 
40.fxe4 b5 0-1

[Event "interzonal (w)"]
[Site "Roosendaal NED"]
[Date "1976.12.11"]
[Round "11"]
[White "Lemachko, Tatiana"]
[Black "Hartston, Jana"]
[Result "1-0"]
[WhiteElo "2330"]
[BlackElo "2230"]
[EventDate "1976.11.27"]
[PlyCount "55"]

1.e4 c6 2.c4 d5 3.exd5 cxd5 4.cxd5 Nf6 5.Nc3 Nxd5 6.Qb3 Nb6 7.Nf3 g6 8.
Bb5+ N8d7 9.Ne5 e6 10.Ne4 Be7 11.d4 a6 12.Bxd7+ Nxd7 13.O-O Nf6 14.Qf3 h6 
15.Re1 Kf8 16.Bd2 Kg7 17.Bc3 Qd5 18.Bb4 Qd8 19.Bc5 a5 20.Rac1 Ra6 21.Bxe7 
Qxe7 22.Qxf6+ Qxf6 23.Nxf6 Kxf6 24.Rc7 Rf8 25.Re3 Kg7 26.Rec3 Ra8 27.Rf3 
b6 28.Nxf7 1-0

[Event "interzonal (w)"]
[Site "Roosendaal NED"]
[Date "1976.12.11"]
[Round "11"]
[White "Van der Mije, Alexandra"]
[Black "Veroci, Zsuzsa"]
[Result "1/2-1/2"]
[WhiteElo "2295"]
[BlackElo "2275"]
[EventDate "1976.11.27"]
[PlyCount "72"]

1.e4 e5 2.Nf3 Nc6 3.Bb5 g6 4.c3 d6 5.d4 Bd7 6.O-O Bg7 7.dxe5 dxe5 8.Be3 
Nf6 9.Nbd2 Qe7 10.b4 b6 11.Qe2 O-O 12.Bg5 Nb8 13.Bd3 h6 14.Bh4 Qe8 15.Nc4 
Nh5 16.Bg3 Nxg3 17.fxg3 Bc6 18.Nfd2 a5 19.bxa5 b5 20.Ne3 Rxa5 21.Nb3 Ra8 
22.c4 bxc4 23.Bxc4 Kh7 24.Qc2 Ra7 25.Rf2 Bb5 26.Raf1 Bxc4 27.Qxc4 c6 28.
Nc5 Qe7 29.h4 h5 30.g4 hxg4 31.g3 Kg8 32.Nxg4 Nd7 33.Nd3 c5 34.Ne3 Nb6 35.
Qxc5 Qxc5 36.Nxc5 Rc8 1/2-1/2

[Event "interzonal (w)"]
[Site "Roosendaal NED"]
[Date "1976.12.11"]
[Round "11"]
[White "Vreeken, Corry"]
[Black "Orton, Ruth"]
[Result "1-0"]
[WhiteElo "2155"]
[BlackElo "2090"]
[EventDate "1976.11.27"]
[PlyCount "123"]

1.e4 c5 2.Nf3 d6 3.Bb5+ Nc6 4.d4 cxd4 5.Qxd4 Bd7 6.Bxc6 Bxc6 7.c4 Nf6 8.
Nc3 g6 9.O-O Bg7 10.Qd3 O-O 11.Bg5 h6 12.Bh4 g5 13.Bg3 Nh5 14.Nd4 Nxg3 15.
hxg3 Bd7 16.Rad1 Rc8 17.b3 Re8 18.Nde2 Qa5 19.Rd2 a6 20.a4 Bc6 21.Rb1 Qc7 
22.Nd5 Bxd5 23.exd5 Qc5 24.Nd4 Bxd4 25.Qxd4 Qxd4 26.Rxd4 Rc7 27.g4 Kg7 28.
Re1 Kf6 29.f4 e5 30.dxe6 Rxe6 31.Rxe6+ Kxe6 32.g3 Re7 33.Kf2 b6 34.Rd5 f6 
35.f5+ Kd7 36.a5 Kc6 37.axb6 Rb7 38.Rd3 Rxb6 39.Ke3 Kc5 40.Kd2 Kb4 41.Kc2 
Ka3 42.Re3 a5 43.Rd3 a4 44.bxa4+ Kxa4 45.Kc3 Rb3+ 46.Kd4 Rb8 47.Re3 Kb4 
48.Re1 Rc8 49.Rb1+ Ka5 50.Rh1 Kb4 51.Kd5 Rc5+ 52.Kxd6 Rxc4 53.Rb1+ Ka5 54.
Ke6 Rxg4 55.Kxf6 Rxg3 56.Kg7 Rf3 57.f6 g4 58.f7 h5 59.Rh1 Kb4 60.Rxh5 Kc3 
61.f8=Q Rxf8 62.Kxf8 1-0

[Event "interzonal (w)"]
[Site "Roosendaal NED"]
[Date "1976.12.13"]
[Round "12"]
[White "Hartston, Jana"]
[Black "Lazarevic, Milunka"]
[Result "1/2-1/2"]
[WhiteElo "2230"]
[BlackElo "2200"]
[EventDate "1976.11.27"]
[PlyCount "54"]

1.e4 e5 2.Nf3 d6 3.d4 exd4 4.Qxd4 Nc6 5.Bb5 Bd7 6.Bxc6 Bxc6 7.Nc3 Nf6 8.
Bg5 Be7 9.O-O-O O-O 10.Rhe1 h6 11.Bf4 Re8 12.h3 Nd7 13.Nd5 Bxd5 14.Qxd5 
Bf6 15.e5 Nxe5 16.Nxe5 dxe5 17.Qxd8 Raxd8 18.Rxd8 Rxd8 19.Bxe5 Bxe5 20.
Rxe5 Kf8 21.c3 f6 22.Re4 Kf7 23.Kc2 Rd7 24.Rb4 c5 25.Rc4 b6 26.b4 cxb4 27.
cxb4 Ke6 1/2-1/2